000 00322nam a2200133 i 4500
001 bg
100 1 _aNOLKOVA, T.
245 0 _aTovarovedenie metallov metalliceskich izdelij i rud /
_cT. Nolkova.
260 _aMoskva,
_c1969.
040 _cBPK
041 _apol
942 _cKS
008 s pl f |000 0 pol
999 _c8904
_d8904
856 _uhttp://koha.tu.koszalin.pl/cgi-bin/koha/opac-detail.pl?biblionumber=8904
_yKatalog online BPK